Rye : (Record no. 550)

MARC details
000 -LEADER
fixed length control field 00580nam a22002177a 4500
001 - CONTROL NUMBER
control field BD-DhSAU 550
003 - CONTROL NUMBER IDENTIFIER
control field BD-DhSAU
005 - DATE AND TIME OF LATEST TRANSACTION
control field 20150104215409.0
008 - FIXED-LENGTH DATA ELEMENTS--GENERAL INFORMATION
fixed length control field 150104b1963 ii |||| |||| 001 0 eng d
040 ## - CATALOGING SOURCE
Transcribing agency BD-DhSAU
082 ## - DEWEY DECIMAL CLASSIFICATION NUMBER
Edition number 22
Classification number 633.14
Item number DER
100 ## - MAIN ENTRY--PERSONAL NAME
Personal name Deodikar, G. B.
245 ## - TITLE STATEMENT
Title Rye :
Remainder of title Secale cereale linn /
Statement of responsibility, etc. G. B. Deodikar.
260 ## - PUBLICATION, DISTRIBUTION, ETC. (IMPRINT)
Place of publication, distribution, etc. New Delhi :
Name of publisher, distributor, etc. Indian Council of Agricultural Research ;
Date of publication, distribution, etc. c1963.
300 ## - PHYSICAL DESCRIPTION
Extent x, 152 p. :
Other physical details 22 cm.
504 ## - BIBLIOGRAPHY, ETC. NOTE
Bibliography, etc Includes index.
590 ## - Name of Cataloguer
Name of Cataloger joy
650 ## - SUBJECT ADDED ENTRY--TOPICAL TERM
Topical term or geographic name as entry element Agronomy
650 ## - SUBJECT ADDED ENTRY--TOPICAL TERM
Topical term or geographic name as entry element Rye
650 ## - SUBJECT ADDED ENTRY--TOPICAL TERM
Topical term or geographic name as entry element Rye
General subdivision secale, cereal.
942 ## - ADDED ENTRY ELEMENTS (KOHA)
Source of classification or shelving scheme Dewey Decimal Classification
Koha item type Book
Holdings
Withdrawn status Lost status Source of classification or shelving scheme Damaged status Not for loan Home library Branch Name Shelving location Date acquired Total Checkouts Full call number Barcode Date last seen Price effective from Koha item type
    Dewey Decimal Classification     SAU Library SAU Library General Stacks 08/06/1986   633.14 DER 2504 04/01/2015 04/01/2015 Book
    Dewey Decimal Classification     SAU Library SAU Library General Stacks 08/06/1965   633.14 DER 2502(D) 04/01/2015 04/01/2015 Book
    Dewey Decimal Classification     SAU Library SAU Library General Stacks 08/06/1965   633.14 DER 2506 04/01/2015 04/01/2015 Book